<?xml version="1.0" encoding="UTF-8"?>
<marc:record xmlns:marc="http://www.loc.gov/MARC21/slim">
   <marc:leader>00000nam a2200000 a 4500</marc:leader>
   <marc:datafield ind1="0" ind2="0" tag="245">
      <marc:subfield code="a">Wicked 2</marc:subfield>
   </marc:datafield>
   <marc:datafield ind1=" " ind2="1" tag="264">
      <marc:subfield code="a">Planegg</marc:subfield>
      <marc:subfield code="b">Universal Pictures Video</marc:subfield>
      <marc:subfield code="c">2026</marc:subfield>
   </marc:datafield>
   <marc:datafield ind1="1" ind2=" " tag="490">
      <marc:subfield code="a">Wicked</marc:subfield>
      <marc:subfield code="v">2</marc:subfield>
   </marc:datafield>
   <marc:datafield ind1="1" ind2=" " tag="520">
      <marc:subfield code="a">WICKED: TEIL 2 erzählt den Abschluss der unerzählten Geschichte der Hexen von Oz. Elphaba (Cynthia Erivo), als Böse Hexe des Westens verstoßen, kämpft im Exil für die Freiheit der Tiere und will die Wahrheit über den Zauberer (Jeff Goldblum) enthüllen. Glinda (Ariana Grande), nun Symbol des Guten, genießt den Ruhm im Palast, leidet aber unter der Trennung von Elphaba. Während ihre geplante Hochzeit mit Fiyero (Jonathan Bailey) naht, bedrohen Intrigen und ein Mädchen aus Kansas das fragile Gleichgewicht von Oz. Glinda und Elphaba müssen ein letztes Mal zusammenfinden, den ihre außergewöhnliche Freundschaft ist der Schlüssel zu ihrem Schicksal. WICKED: TEIL 2 vereint erneut die Oscar®-Nominierten Cynthia Erivo und Ariana Grande unter der Regie von Jon M. Chu (In the Heights). Mit Musik von Stephen Schwartz und einem preisgekrönten Kreativteam entfaltet das epische Finale des Erfolgs-Musicals seine Magie.</marc:subfield>
   </marc:datafield>
   <marc:datafield ind1="3" ind2=" " tag="024">
      <marc:subfield code="a">4020628546007</marc:subfield>
   </marc:datafield>
   <marc:datafield ind1=" " ind2=" " tag="041">
      <marc:subfield code="a">ger</marc:subfield>
   </marc:datafield>
   <marc:datafield ind1="1" ind2=" " tag="521">
      <marc:subfield code="a">FSK ab 12 freigegeben</marc:subfield>
   </marc:datafield>
   <marc:datafield ind1="1" ind2=" " tag="521">
      <marc:subfield code="a">12</marc:subfield>
   </marc:datafield>
   <marc:datafield ind1=" " ind2=" " tag="300">
      <marc:subfield code="a">1 DVD</marc:subfield>
   </marc:datafield>
</marc:record>
